La dimensión divina: reflexiones sobre la fé

Tallennettuna:
Bibliografiset tiedot
Päätekijä: Jordan, Plácido (Tekijä)
Aineistotyyppi: Kirja
Kieli:espanja
Julkaistu: Barcelona Herder 1972
Aiheet:
Tagit: Lisää tagi
Ei tageja, Lisää ensimmäinen tagi!

MARC

LEADER 00000nam a2200000 a 4500
001 UCR2187
003 CL-VaPUC
008 980109e19720000SP |||||||||||||||||spa|d
082 0 4 |a 234.2  |b JOR  |2 21 
100 0 |a Jordan, Plácido  |e author  |9 399967 
245 1 3 |a La dimensión divina: reflexiones sobre la fé 
300 |a 262 p 
942 |c BK 
945 |d 19980109 00:00:00  |a rleighto 
260 |a Barcelona  |b Herder  |c 1972 
600 0 |a Dios  |9 314467 
650 0 |a Fe  |9 308036 
650 0 |a Revelación   |9 313616 
650 7 |a MANDAMIENTOS  |2 CL-VaPUC  |9 399799 
650 0 |a Espíritu  |9 315904 
650 0 |a Teología   |9 258766 
650 0 |a Salvación  |9 315007 
650 7 |a RESURRECCION  |2 CL-VaPUC  |9 314406 
583 |a last modification  |c 19980109 00:00:00  |k Rodrigo Vera 
999 |c 265447  |d 265445 
952 |0 0  |1 0  |4 0  |6 234_200000000000000_JOR_1972  |7 0  |8 A  |9 296368  |a BIBTEO  |b BIBTEO  |d 2019-11-20  |i 3384365  |o 234.2 JOR 1972  |p 3384365  |r 2025-01-17  |w 2019-11-20  |y BK  |k ICR